| 000 | 01057cam a22003011i 4500 | ||
|---|---|---|---|
| 001 | 4528057 | ||
| 003 | EG-ScBUE | ||
| 005 | 20230809102748.0 | ||
| 008 | 730529r19561946nyua f 000 0 eng d | ||
| 040 |
_aDLC _beng _erda _cDLC _dDLC _dOCoLC _dEG-ScBUE |
||
| 082 | 0 | 4 |
_a909 _bTOY _222 |
| 100 | 1 |
_aToynbee, Arnold Joseph, _d1889-1975, _eauthor. _910148 |
|
| 245 | 1 | 2 |
_aA study of history / _cBy Arnold J. Toynbee ; abridgement of volumes by D.C. Somervell. |
| 250 | _aThirteenth printing. | ||
| 264 | 1 |
_aNew York ; _aLondon : _bOxford University Press, _c1956. |
|
| 300 |
_a616 pages ; _c23 cm |
||
| 336 |
_2rdacontent _atext _btxt |
||
| 337 |
_2rdamedia _aunmediated _bn |
||
| 338 |
_2rdacarrier _avolume _bnc |
||
| 500 | _aIncludes index. | ||
| 650 | 7 |
_aCivilization _xHistory. _2BUEsh _910191 |
|
| 650 | 7 |
_aHistory _xPhilosophy. _2BUEsh _910150 |
|
| 650 | 7 |
_910193 _aWorld history. _2BUEsh |
|
| 655 | _vReading book | ||
| 700 | 1 |
_aSomervell, D. C. _q(David Churchill), _d1885-1965, _eeditor. _910151 |
|
| 942 |
_2ddc _cBB |
||
| 999 |
_c13081 _d13081 |
||